Edward Tryjarski Dictionnaire arméno-kiptchak d'après trois manuscrits des collections viennoises, tome 1., fasc. 1., A-H, fasc. 2., I-K, Warszawa 1968 : review /

Elmentve itt :
Bibliográfiai részletek
Szerző: Schütz Ödön
További közreműködők: Tryjarski Edward
Dokumentumtípus: Cikk
Megjelent: 1969
Sorozat:Orientalistische Literaturzeitung : Monatschrift für die Wissenschaft vom ganzen Orient und seinen Beziehungen zu den angrenzenden Kulturkreisen
Kulcsszavak:Török nyelv - örmény-kipcsak - szótár - könyvismertetés
Tárgyszavak:
Online Access:http://misc.bibl.u-szeged.hu/64654
LEADER 01067nab a2200241 i 4500
001 misc64654
005 20231016140741.0
008 230725s1969 hu o 0|| ger d
040 |a SZTE Miscellanea Repozitórium  |b hun 
041 |a ger 
100 1 |a Schütz Ödön 
245 1 0 |a Edward Tryjarski  |h [elektronikus dokumentum] :  |b Dictionnaire arméno-kiptchak d'après trois manuscrits des collections viennoises, tome 1., fasc. 1., A-H, fasc. 2., I-K, Warszawa 1968 : review /  |c  Schütz Ödön 
260 |c 1969 
300 |a 372-374  |c 30 cm 
300 |a [3] h.  |c 30 cm 
490 0 |a Orientalistische Literaturzeitung : Monatschrift für die Wissenschaft vom ganzen Orient und seinen Beziehungen zu den angrenzenden Kulturkreisen 
561 |a Németh Gyula hagyaték 
591 |a NOA 5389; LOA 3437 
650 4 |a Bölcsészettudományok 
650 4 |a Nyelvek és irodalom 
695 |a Török nyelv - örmény-kipcsak - szótár - könyvismertetés 
700 0 1 |a Tryjarski Edward 
856 4 0 |u http://misc.bibl.u-szeged.hu/64654/1/5389_noa.pdf  |z Dokumentum-elérés